Sports Quiz

Random Sports Quiz

Butler Rosters 05'-11' Quiz Stats

 Plays Quiz not verified by Sporcle

Score 0/85 Timer 10:00
0 Plays Today
Jersey Number Player % Correct
20Gordon Hayward
89.9%
20Gordon Hayward
89.9%
54Matt Howard
89%
54Matt Howard
89%
54Matt Howard
89%
54Matt Howard
89%
Head Coach Brad Stevens
87.2%
Head CoachBrad Stevens
87.2%
Head CoachBrad Stevens
87.2%
Head CoachBrad Stevens
87.2%
1Shelvin Mack
81.7%
1Shelvin Mack
81.7%
1Shelvin Mack
81.7%
44Andrew Smith
72.5%
44Andrew Smith
72.5%
5Ronald Nored
71.6%
5Ronald Nored
71.6%
5Ronald Nored
71.6%
4AJ Graves
65.1%
4AJ Graves
65.1%
4AJ Graves
65.1%
2Shawn Vanzant
63.3%
2Shawn Vanzant
63.3%
2Shawn Vanzant
63.3%
2Shawn Vanzant
63.3%
33Chase Stigall
60.6%
33Chase Stigall
60.6%
33Chase Stigall
60.6%
21Willie Veasley
58.7%
Jersey Number Player % Correct
3Zach Hahn
58.7%
21Willie Veasley
58.7%
3Zach Hahn
58.7%
21Willie Veasley
58.7%
3Zach Hahn
58.7%
21Willie Veasley
58.7%
3Zach Hahn
58.7%
23Khyle Marshall
56%
32Garrett Butcher
55%
32Garrett Butcher
55%
32Garrett Butcher
55%
24Avery Jukes
51.4%
24Avery Jukes
51.4%
24Avery Jukes
51.4%
4Eric Fromm
51.4%
10Mike Green
49.5%
10Mike Green
49.5%
10Mike Green
48.6%
20Chrishawn Hopkins
42.2%
11Alex Anglin
41.3%
11Alex Anglin
41.3%
11Alex Anglin
41.3%
11Alex Anglin
41.3%
34Pete Campbell
40.4%
34Pete Campbell
40.4%
34Pete Campbell
40.4%
30Emerson Kampen
39.4%
30Emerson Kampen
39.4%
30Emerson Kampen
39.4%
Jersey Number Player % Correct
1 Julian Betko
37.6%
1Julian Betko
37.6%
1Julian Betko
37.6%
11Nick Rodgers
33.9%
14Nick Rodgers
33.9%
14Nick Rodgers
33.9%
14Nick Rodgers
33.9%
33Brandon Crone
33%
33Brandon Crone
33%
32Drew Streicher
30.3%
32Drew Streicher
30.3%
32Drew Streicher
30.3%
21Avery Sheets
26.6%
22Grant Leindecker
26.6%
22Grant Leindecker
26.6%
5Ben Slaton
24.8%
5Ben Slaton
24.8%
3Bruce Horan
21.1%
20Brandon Polk
20.2%
24Brian Ligon
19.3%
Head CoachTodd Licklighter
19.3%
24Brian Ligon
19.3%
Head CoachTodd Licklighter
19.3%
23Marcus Nellems
13.8%
23Marcus Nellems
13.8%
50Elliot Engelmann
13.8%
50Elliot Engelmann
13.8%

You're not logged in!

Compare scores with friends on all Sporcle quizzes.
OR
Log In

Show Comments

Extras

Top Quizzes Today


Score Distribution

Your Account Isn't Verified!

In order to create a playlist on Sporcle, you need to verify the email address you used during registration. Go to your Sporcle Settings to finish the process.

Report this User

Report this user for behavior that violates our Community Guidelines.

Details: